The rose of the world #13: a Hawkenlye mystery / ... Read More
Available copies
- 1 of 1 copy available at LARL/NWRL Consortium.
- 1 of 1 copy available at Lake Agassiz Regional Library. (Show preferred library)
Current holds
0 current holds with 1 total copy.
Show Only Available Copies
| Location | Call Number / Copy Notes | Barcode | Shelving Location | Status | Due Date |
|---|---|---|---|---|---|
| Moorhead Public Library | M CLA (Text) | 33500010558542 | Main | Available | - |
Record details
- ISBN: 9780727880239 (hbk)
- ISBN: 0727880233 (hbk)
- Physical Description: 230 p. ; 23 cm.
- Edition: 1st world ed.
- Publisher: Sutton, Surrey, England : Severn House, 2011.
Content descriptions
| Summary, etc.: | In the autumn of 1210, Abbess Caliste is concerned ... Read More |
Search for related items by subject
| Genre: | Mystery fiction. |
Search for related items by series
| LDR | 02015cam a2200457Ia 4500 | ||
|---|---|---|---|
| 001 | 134626 | ||
| 003 | LARL_NWRL_CONSORTIUM | ||
| 005 | 20110823110925.0 | ||
| 008 | 101109s2011 enk 000 1 eng d | ||
| 015 | . | ‡aGBB0D6210 ‡2bnb | |
| 020 | . | ‡a9780727880239 (hbk) | |
| 020 | . | ‡a0727880233 (hbk) | |
| 035 | . | ‡a(OCoLC)701113402 | |
| 043 | . | ‡ae-uk-en | |
| 082 | 0 | 4. | ‡a823/.914 ‡222 |
| 100 | 1 | . | ‡aClare, Alys. ‡0(LARL_NWRL_CONSORTIUM)135440 |
| 245 | 1 | 4. | ‡aThe rose of the world ‡n#13: ‡ba Hawkenlye mystery / ‡cAlys Clare. |
| 250 | . | ‡a1st world ed. | |
| 260 | . | ‡aSutton, Surrey, England : ‡bSevern House, ‡c2011. | |
| 300 | . | ‡a230 p. ; ‡c23 cm. | |
| 490 | 0 | . | ‡aHawkenlye ; ‡v13 |
| 520 | . | ‡aIn the autumn of 1210, Abbess Caliste is concerned about the welfare of her nuns at Hawkenlye Abbey after King John's men have taken it over, Helewise has moved into Hawkenlye Mannor with Josse, and Helewise's eleven-year-old granddaughter, Rosamund, goes missing. | |
| 650 | . | ‡aAdult Mystery | |
| 650 | 0. | ‡aD'Acquin, Josse (Fictitious character) ‡vFiction. | |
| 650 | 0. | ‡aHelewise, Abbess (Fictitious character) ‡vFiction. | |
| 650 | 0. | ‡aAbbeys ‡vFiction. | |
| 651 | 0. | ‡aEngland ‡xSocial life and customs ‡y1066-1485 ‡vFiction. | |
| 650 | 7. | ‡aD'Acquin, Josse (Fictional character) ‡vFiction. ‡2sears | |
| 650 | 7. | ‡aMissing persons ‡vFiction. ‡2sears ‡0(LARL_NWRL_CONSORTIUM)165976 | |
| 650 | 7. | ‡aHelewise, Abbess (Fictional character) ‡vFiction. ‡2sears | |
| 651 | 7. | ‡aGreat Britain ‡xHistory ‡y1154-1399, Plantagenets ‡vFiction. ‡2sears | |
| 651 | 7. | ‡aEngland ‡vFiction. ‡2sears | |
| 655 | 7. | ‡aMystery fiction. ‡2gsafd | |
| 901 | . | ‡a134626 ‡bOCLC ‡c134626 ‡tbiblio | |

Add to basket
Permalink
Disable Highlighting